000 00492nam a2200181Ia 4500
003 GCL
008 140319s9999 xx 000 0 eng d
040 _aGCL /
_cGCL
082 0 4 _a620.1
_bH C
100 1 _aJ .CQUEMOND, RICHARD
245 1 0 _aCOMPOSITE STRUCTURES AND MATERIALS /
_cJ .CQUEMOND, RICHARD
260 _a[S.N] :
_bMACMILLAN PUBLISHING COMPANY ،
_c1992
300 _a683 p
650 0 4 _aMATERIALS
650 0 4 _aSTRUCTURE ARCHITECTS
650 0 4 _aSTRUCTURE
942 _2ddc
_cBK
999 _c16700
_d16700